Certificate physical and human geography / (Record no. 148669)

MARC details
000 -LEADER
fixed length control field 01116nam a22002297a 4500
005 - DATE AND TIME OF LATEST TRANSACTION
control field 20180510185144.0
010 ## - LCCN (DPL NO)
LC control number B-685703 B-691608
020 ## - INTERNATIONAL STANDARD BOOK NUMBER
International Standard Book Number 9780195628166
Terms of availability 325.00
035 ## - SYSTEM CONTROL NUMBER
System control number B-685703 B-691608
037 ## - SOURCE OF ACQUISITION
Source of stock number/acquisition Pansy Books/RP/CL
082 ## - DEWEY DECIMAL CLASSIFICATION NUMBER
Classification number 910
100 ## - MAIN ENTRY--PERSONAL NAME
Personal name Goh Cheng Leong
245 ## - TITLE STATEMENT
Title Certificate physical and human geography /
Statement of responsibility, etc by Goh Cheng Leong
260 ## - PUBLICATION, DISTRIBUTION, ETC. (IMPRINT)
Place of publication, distribution, etc New Delhi
Name of publisher, distributor, etc Oxford University Press
Date of publication, distribution, etc 2017
270 ## - ADDRESS
Address YMCA Library Building, 1 Jai Singh Road
City New Delhi
Postal code 2017
300 ## - PHYSICAL DESCRIPTION
Extent iii,192p. :
Other physical details ill.,maps
Dimensions 24cm(pbk)
500 ## - GENERAL NOTE
General note Includes index
942 ## - ADDED ENTRY ELEMENTS (KOHA)
Source of classification or shelving scheme Dewey Decimal Classification
Item type English Books
Classification part 910
Call number suffix GOH
Holdings
Withdrawn status Lost status Not for loan Collection code Home library Current library Date acquired Source of acquisition Cost, normal purchase price Full call number Barcode Copy number Cost, replacement price Koha item type
      Non-fiction Central Library Central Library 02/01/2018 Pansy Books/1708/22.12.17/RP6/21.12.17/30.12.17 325.00 910 GOH B-685703 1 325.00 English Books
      Non-fiction Central Library Central Library 10/05/2018 BPPD/ PUR/RP-pansy/1743/7-5-2018 325.00 910 GOH B-691608 1 325.00 English Books

© Delhi Public Library
Hit Counter
free hit counter